| 000 | 00652nam a22001577a 4500 | ||
|---|---|---|---|
| 003 | OSt | ||
| 005 | 20150906164209.0 | ||
| 008 | 150906b xxu||||| |||| 00| 0 eng d | ||
| 040 | _cRUA | ||
| 082 | _aAGR ប៊ុត 1990 B001 Or.1 | ||
| 100 |
_9134 _aប៊ុត វីរិយ៉ា |
||
| 245 | _aទិន្នផលសណ្តែកសៀងអាស្រ័យពីពូជផ្សេងៗនិងវិធានការណ៍ការពារគ្រាប់មុនពេលដាំដោយសារធាតុរីសូតូរភីន | ||
| 260 |
_aPhnom Penh _bRUA _c1990 |
||
| 300 |
_a105p. _bill. _c29cm. |
||
| 942 |
_2ddc _cAGR |
||
| 999 |
_c118 _d118 |
||